Simposium Educar para la vida : programa académico /
Programa académico que incluye información sintética sobre cada conferencia, taller o conversación educativa a realizarse. Contiene además algunas orientaciones sobre servicios para los participantes en las instalaciones del ITESO y en la ciudad. Este ejemplar contiene notas personales de la partici...
সংরক্ষণ করুন:
| সংস্থা লেখক: | |
|---|---|
| অন্যান্য লেখক: | |
| বিন্যাস: | কনফারেন্স প্রসিডিং গ্রন্থ |
| ভাষা: | স্প্যানিশ |
| প্রকাশিত: |
Guadalajara, México :
ITESO,
2004
|
| বিষয়গুলি: | |
| ট্যাগগুলো: |
কোনো ট্যাগ নেই, প্রথমজন হিসাবে ট্যাগ করুন!
|
MARC
| LEADER | 00000nam^a2200000^a^4500 | ||
|---|---|---|---|
| 001 | 000395662 | ||
| 005 | 20250526000000.0 | ||
| 009 | 20260310121409.387 | ||
| 037 | |a Acervo ITESO - Biblioteca | ||
| 041 | |a ESP | ||
| 082 | |a 370. |b SIM 2004 | ||
| 111 | |a Simposium Educar para la vida ( |n 11° : |d 2004 : |c ITESO) | ||
| 245 | 1 | 0 | |a Simposium Educar para la vida : |b programa académico / |c Coord. de M. Contreras Villaseñor... [et al.]. |
| 264 | 1 | |a Guadalajara, México : |b ITESO, |c 2004 | |
| 300 | |a 76 p. ; |c 21.0 cm. | ||
| 336 | |a texto |b txt |2 rdacontenido | ||
| 337 | |a sin mediación |b n |2 rdamedio | ||
| 338 | |a volumen |b nc |2 rdasoporte | ||
| 520 | |a Programa académico que incluye información sintética sobre cada conferencia, taller o conversación educativa a realizarse. Contiene además algunas orientaciones sobre servicios para los participantes en las instalaciones del ITESO y en la ciudad. Este ejemplar contiene notas personales de la participación en las conferencias. | ||
| 649 | |a XX | ||
| 650 | |a Educación - |z México - |x Congresos - |x Tema Principal | ||
| 650 | |a Educación - |z Latinoamérica - |x Congresos | ||
| 650 | |a Filosofía de la Educación | ||
| 700 | |a Contreras Villaseñor, Margarita |e (coordinación) | ||
| 910 | |a Fondo Carlos Núñez Hurtado | ||
| 920 | |a Impresos - Libros | ||
| 930 | |a Libros Antiguos y Raros | ||
| 905 | |a 108 | ||
| 901 | |a 0500291197 |b IT2 |c LRA |i D81450 |u 20250526 | ||
| 902 | |a https://opac.biblio.iteso.mx/vufind/Record/000395662 | ||